000 01351nam a22002657a 4500
005 20091005103526.0
008 091005t xxu||||| |||| 00| 0 HIN d
010 _aHIN-87990
020 _a9788190800204
_c175.00
035 _aHN-60336
037 _bDBAD / PUB
040 _aDPL
_bHN
082 _a882
100 _aइब्सन, हेनरिक
245 _aगुड़िया घर /
_cहेनरिक इब्सन; अमित जोशी द्वारा अनुदित
246 _aGudiya ghar
_bby Henric Ibsen; translated by Amit Joshi
260 _aदिल्ली
_bशांतिदूत इन्टरनेशनल प्रकाशन
_c2009
270 _aए-37, नवभारत टाइम्स अपार्टमेंटस, मयूर विहार फेज-1
_bदिल्ली
_e110091
300 _a132पृ
_c22सेमी (सजिल्द)
650 _2अंग्रेजी नाटक
_xहिन्दी में अनुवाद
650 _2English drama
_xTranslations into Hindi
700 _aजोशी, अमित
942 _2ddc
_cHN
_mइब्सन
_h882
999 _c30788
_d30788